00439 a2200121 4500100003500000245005600035300003500091650002400126773005500150942000700205952008800212999001700300 aDOTSE, Dickson Worlanyo924139 aMahama calls for end to Gonja, Mamprusi hostilities aSaturday June 3, 2023 Page 23. aLand Dispute9241400 x0855-1529tDaily GraphicdAccra Daily Graphic 2023 cPR 001040718PRaPLbPLcTFEWd2023-07-10l0r2023-07-10 00:00:00t1w2023-07-10yPR c45158d45158